| 000 | 00701nam a22002297a 4500 | ||
|---|---|---|---|
| 001 | 000052567 | ||
| 003 | DO-SdBNP | ||
| 005 | 20180202091720.0 | ||
| 008 | 160520b 1994 cl ||||| |||| 00| 0 spa d | ||
| 020 | _a1560637064 | ||
| 040 |
_aBPMSU _bspa _cBPMSU |
||
| 041 | 1 | 7 |
_aspa _heng |
| 100 | 1 | _aWright, Norman H. | |
| 240 | 1 | 0 |
_aHolding on to romance. _lEspaƱol |
| 245 | 1 | 0 |
_aEl romance en el matrimonio / _cNorman H. Wright ; traducido al castellano por Raquel de la Calle. |
| 260 |
_aMiami, Fla. : _bUnilit, _c1994. |
||
| 300 |
_a252 p. : _bil. ; _c21 cm. |
||
| 700 | 1 | 2 |
_aCalle, Raquel de la, _etr. |
| 942 |
_2ddc _cBK |
||
| 945 | _aInventariado, 2018 /LP | ||
| 956 |
_aLOPEREZ _b10 _c20160520 |
||
| 999 |
_c10188 _d10188 |
||